Gaming Quiz

Random Gaming Quiz

Ultimate SIDEMEN quiz Stats

 Plays Quiz not verified by Sporcle

Also try: 4-Letter Pokémon
Challenge
Share
Tweet
Embed
Score 0/12 Timer 06:00
0 Plays Today
Hint Answer % Correct
Who is your favourite Sidemen? (no real answer)Simon
90.1%
How many channels do the Sidemen have altogether?15
86.2%
What member of the Sidemen's birthday is on the 4th of September?Josh
82.1%
Who won the egg roulette challenge?Josh
82.1%
What british gaming festival, founded in 1999, do The Sidemen always go to?Insomnia
71.5%
Name one of the two gangs in GTAZentorno
52.5%
What series does/did Vik stream every day which included 2 seasons?How to Minecraft
41.1%
Name one guest appearance that the Sidemen played with on GTACallux
38.8%
What county is Vik from?Yorkshire
15.3%
Where did the Sidemen go on GTA for Simons birthday?The pier
8.7%
What other famous Youtuber did Vik play Hunger Games with?Alfie Deyes
5.4%
What made Ethan laugh a lot on goat Simulator?Whale and jetpack
4.1%

You're not logged in!

Compare scores with friends on all Sporcle quizzes.
OR
Log In

You Might Also Like...

Show Comments

Extras

Created May 31, 2015ReportNominate
Tags:GTA , youtube, youtubers

Top Quizzes Today


Score Distribution

Your Account Isn't Verified!

In order to create a playlist on Sporcle, you need to verify the email address you used during registration. Go to your Sporcle Settings to finish the process.

Report this User

Report this user for behavior that violates our Community Guidelines.

Details: